Tārīkh al-ʻimārah al-Miṣrīyah al-qadīmah /

محفوظ في:

المؤلف الرئيسي: Badawy, Alexander (مؤلف)

مؤلفون آخرون: Abd El-Raziq, Mahmud., Māhir Ṭāhā, Maḥmūd., Qadrī, Aḥmad., Ramaḍān, Ṣalāḥ al-Dīn.

التنسيق: كتاب

اللغة: Arabic
English

منشور في: [al-Qāhirah : Wizārat al-Thaqāfah, Hayʾah al-Āthār al-Miṣrīyah, 1988-].

سلاسل: Silsilat al-thaqāfah al-atharīyah wa-al-tārīkhīyah. Mashrūʻ al-miʾat kitāb ; 15.

الموضوعات:

الوسوم: إضافة وسم

لا توجد وسوم, كن أول من يضع وسما على هذه التسجيلة!

رقم الطلب: NA215 .B1851 v.1

LEADER 01977nam a2200361Ia 4500
003 OSt
005 20230816062849.0
008 130303m19889999ua ab 000 0 ara d
952 |0 0  |1 0  |2 lcc  |3 V.1  |4 0  |6 NA0215 B1851 V.00001  |7 1  |9 49576  |a ARCE  |b ARCE  |d 2023-08-16  |l 0  |o NA215 .B1851 v.1  |p 1017015  |r 2023-08-16 00:00:00  |w 2023-08-16  |y BK 
999 |c 25740  |d 25740 
020 |a 9771585193 (v. 1) 
020 |a 9789771585190 (v. 1) 
041 1 |a ara  |h eng 
050 4 |a NA215 .B1851 v.1 
100 1 |6 880-01  |a Badawy, Alexander,  |e author  |9 26017 
240 1 0 |a History of Egyptian architecture.  |l Arabic 
245 1 0 |6 880-02  |a Tārīkh al-ʻimārah al-Miṣrīyah al-qadīmah /   |c taʾlīf Iskandar Badawī ; tarjamat Maḥmūd ʻAbd al-Rāziq, Ṣalāḥ al-Dīn Ramaḍān ; murājaʻat Aḥmad Qadrī, Maḥmūd Māhir Ṭāhā. 
264 1 |a [al-Qāhirah :  |b Wizārat al-Thaqāfah, Hayʾah al-Āthār al-Miṣrīyah,  |c 1988-]. 
300 |a volume <1> :   |b ill. (some col.) , map ;   |c 23 cm. 
490 0 |a Naḥwa waʻy ḥaḍarī muʻāṣir 
490 1 |a Silsilat al-thaqāfah al-atharīyah wa-al-tārīkhīyah. Mashrūʻ al-miʾat kitāb ;   |v 15. 
500 |a Translation of : A history of Egyptian architecture. 
505 2 |g al-Juzʾ 1.  |t Min aqdam al-ʻuṣūr wa-ilá nihāyat al-dawlah al-qadīmah. 
650 0 |a Architecture  |z Egypt  |x History. 
700 1 |a Abd El-Raziq, Mahmud. 
700 1 |a Māhir Ṭāhā, Maḥmūd. 
700 1 |a Qadrī, Aḥmad. 
700 1 |a Ramaḍān, Ṣalāḥ al-Dīn. 
830 0 |a Silsilat al-thaqāfah al-atharīyah wa-al-tārīkhīyah.  |p Mashrūʻ al-miʾat kitāb ;  |v 15. 
880 1 |6 100-01/(3/r  |a بدوي، إسكندر 
880 1 0 |6 245-02/(3/r  |a تاريخ العمارة المصرية القديمة   |c تأليف إسكندر بدوي ؛ ترجمة محمود عبد الرازق، صلاح الدين رمضان ؛ مراجعة أحمد قدري، محمود ماهر طه.‪‪‪‪‪‪‪‪‪ 
901 |a reviewed 
942 |c BK  |2 lcc